Vplyv štrajku zamestnancov spoločnosti Volkswagen Slovakia na online reputáciu podniku
Najčastejšie charakteristiky reputácie podniku. Reputácia podniku v prostredí sociálnych médií. Reputačné riziko. Analýza sentimentu na príklade online reputácie spoločnosti Volkswagen Slovakia pred štrajkom (1.6.2017) a po ňom.
Guardado en:
| Autor principal: | |
|---|---|
| Formato: | Capítulo de libro |
| Lenguaje: | eslovaco |
| Materias: | |
| Etiquetas: |
Sin Etiquetas, Sea el primero en etiquetar este registro!
|
MARC
| LEADER | 00000naa$a2200000$$$4500 | ||
|---|---|---|---|
| 001 | 0237738 | ||
| 005 | 20240502073837.9 | ||
| 041 | 0 | |a slo | |
| 044 | |a SK | ||
| 245 | 1 | 0 | |a Vplyv štrajku zamestnancov spoločnosti Volkswagen Slovakia na online reputáciu podniku |c Mária Kozáková |
| 520 | |a Najčastejšie charakteristiky reputácie podniku. Reputácia podniku v prostredí sociálnych médií. Reputačné riziko. Analýza sentimentu na príklade online reputácie spoločnosti Volkswagen Slovakia pred štrajkom (1.6.2017) a po ňom. | ||
| 610 | 2 | 0 | |a médiá sociálne |
| 610 | 2 | 0 | |a siete sociálne |
| 610 | 2 | 0 | |a komunikácia elektronická |
| 610 | 2 | 0 | |a priemysel automobilový |
| 610 | 2 | 0 | |a spoločnosti |
| 610 | 2 | 0 | |a štrajky |
| 100 | 1 | |a Kozáková, Mária, 1991- | |